00315nam a2200121Ia 4500008004100000041001200041082001100053100002700064245007500091260000600166650000600172700001500178221030s9999 xx 000 0 und d aEnglish a105.23 aK. A. Lakshminarayanan 0aEngineering Mathematics Vol: IIcby K. A. Lakshminarayanan, V. Sudaram c0 aB aV. Sudaram